ARRUPE JESUIT UNIVERSITY

CORONAVIRUS -STOP THE SPREAD - CLEAN,DISINFECT,COVER

Applications of moral philosophy (Record no. 124646)

MARC details
000 -LEADER
fixed length control field 00782cam a2200277 4500
001 - CONTROL NUMBER
control field 2192295
003 - CONTROL NUMBER IDENTIFIER
control field ARRUPE
005 - DATE AND TIME OF LATEST TRANSACTION
control field 20160503103549.0
008 - FIXED-LENGTH DATA ELEMENTS--GENERAL INFORMATION
fixed length control field 721219s1972 enk 001 0 eng
010 ## - LIBRARY OF CONGRESS CONTROL NUMBER
LC control number 72195671
015 ## - NATIONAL BIBLIOGRAPHY NUMBER
National bibliography number B72-21290
020 ## - INTERNATIONAL STANDARD BOOK NUMBER
International Standard Book Number 0333114213
040 ## - CATALOGING SOURCE
Original cataloging agency DLC
Transcribing agency DLC
Modifying agency DLC
050 00 - LIBRARY OF CONGRESS CALL NUMBER
Classification number BJ1012
Item number .H29
082 00 - DEWEY DECIMAL CLASSIFICATION NUMBER
Classification number 170/.8
300 ## - PHYSICAL DESCRIPTION
Dimensions 23 cm.
100 1# - MAIN ENTRY--PERSONAL NAME
Personal name Hare, Richard Merwyn
Fuller form of name (Richard Mervyn)
9 (RLIN) 23926
245 10 - TITLE STATEMENT
Title Applications of moral philosophy
Statement of responsibility, etc [by] R. M. Hare.
260 ## - PUBLICATION, DISTRIBUTION, ETC. (IMPRINT)
Place of publication, distribution, etc London,
Name of publisher, distributor, etc Macmillan,
Date of publication, distribution, etc 1972.
300 ## - PHYSICAL DESCRIPTION
Extent x, 115 p.;
350 ## - PRICE (NR) (BK AM CF MU VM SE) [OBSOLETE]
Price £1.95
490 0# - SERIES STATEMENT
Series statement New studies in practical philosophy
650 #0 - SUBJECT ADDED ENTRY--TOPICAL TERM
Topical term or geographic name as entry element Ethics.
9 (RLIN) 23927
650 #0 - SUBJECT ADDED ENTRY--TOPICAL TERM
Topical term or geographic name as entry element Social ethics.
9 (RLIN) 23928
906 ## - LOCAL DATA ELEMENT F, LDF (RLIN)
a 7
b cbc
c orignew
d 3
e ncip
f 19
g y-gencatlg
942 ## - ADDED ENTRY ELEMENTS (KOHA)
Source of classification or shelving scheme Library of Congress Classification
Koha item type Monograph ( Printed materials)
Holdings
Withdrawn status Lost status Source of classification or shelving scheme Damaged status Not for loan Collection code Home library Current library Shelving location Date acquired Total Checkouts Full call number Barcode Date last seen Date checked out Price effective from Koha item type
    Library of Congress Classification     Main Collection ARRUPE LIBRARY ARRUPE LIBRARY Main Collection 15/04/2016 1 BJ1012.H29 46500006910 02/12/2025 09/10/2025 15/04/2016 Monograph ( Printed materials)

 

Arrupe Library. PO Box MP320 Mt Pleasant, Harare, Zimbabwe
263 242 745411|librarian@aju.ac.zw